[Event "USCL Dallas vs Carolina"]
[Site "Chess.com"]
[Date "2013.10.16"]
[Round "8"]
[White "Holt, Conrad"]
[Black "Schroer, Jonathan"]
[Result "1-0"]
[WhiteElo "2639"]
[BlackElo "2432"]
[PlyCount "75"]
[EventDate "2013.??.??"]
[EventCountry "USA"]

{Board 1, GM Holt (Dallas Destiny) vs. IM Schroer (Carolina Cobras)  Time
Control: Game in 75 with 30 second increment  Game of the Week (8)} 1. d4 Nf6
2. c4 e6 3. Nc3 Bb4 4. Qc2 O-O 5. e4 d5 6. e5 Ne4 7. Bd3 c5 8. Nf3 cxd4 9. Nxd4
Nd7 10. Bf4 Qh4 11. g3 Qh3 12. O-O-O Nxc3 13. bxc3 Ba3+ 14. Kb1 Nb6 15. Bf1 Qh5
16. Be2 Qg6 17. Bd3 Qh5 18. Be2 Qg6 19. Bd3 Qh5 20. g4 Qxg4 21. Qd2 Nxc4 22.
Bxc4 dxc4 23. Rhg1 Qh4 24. Bg5 Qh5 25. Bf6 g6 26. f3 Re8 27. Rg5 Qh6 28. Nb5
Qf8 29. Nc7 Rb8 30. Nxe8 b5 31. Qd8 b4 32. Qd6 Bb7 33. Qxb8 Bxf3 34. Bg7 Qc5
35. Bh6 Be4+ 36. Ka1 Bb2+ 37. Kxb2 bxc3+ 38. Ka1 1-0

[Event "USCL Dallas vs Carolina"]
[Site "Chess.com"]
[Date "2013.10.16"]
[Round "8"]
[White "Garcia, Diego"]
[Black "Chirila, Christian"]
[Result "0-1"]
[WhiteElo "2264"]
[BlackElo "2600"]
[PlyCount "62"]
[EventDate "2013.??.??"]
[EventCountry "USA"]

{Board 2, NM Garcia (Carolina Cobras) vs. GM Chirila (Dallas Destiny)  Time
Control: Game in 75 with 30 second increment} 1. d4 Nf6 2. c4 g6 3. Nf3 Bg7 4.
g3 O-O 5. Bg2 d5 6. cxd5 Nxd5 7. O-O Nb6 8. Nc3 Nc6 9. d5 Na5 10. Nd4 c6 11. e4
cxd5 12. exd5 e5 13. Nc2 Nac4 14. b3 Nd6 15. a4 e4 16. Bb2 Re8 17. Rc1 Nd7 18.
Nd4 Nc5 19. Ba3 Nd3 20. Nxe4 Rxe4 21. Bxe4 Nxc1 22. Bxd6 Qxd6 23. Nb5 Qb4 24.
Qxc1 Bh3 25. Bg2 Bxg2 26. Kxg2 a6 27. Nc7 Rc8 28. Re1 Bh6 29. f4 Bf8 30. Kf1
Qd6 31. Re8 Rxc7 0-1

[Event "USCL Dallas vs Carolina"]
[Site "Chess.com"]
[Date "2013.10.16"]
[Round "8"]
[White "Moon, Ryan"]
[Black "Cunningham, Robin"]
[Result "1/2-1/2"]
[WhiteElo "2182"]
[BlackElo "2225"]
[PlyCount "54"]
[EventDate "2013.??.??"]
[EventCountry "USA"]

{Board 3, NM Moon (Dallas Destiny) vs. FM Cunningham (Carolina Cobras)  Time
Control: Game in 75 with 30 second increment} 1. d4 f5 2. c4 Nf6 3. Nf3 g6 4.
g3 Bg7 5. Bg2 O-O 6. O-O d6 7. Nc3 Nc6 8. Qb3 Na5 9. Qa4 c5 10. dxc5 Bd7 11.
Qc2 dxc5 12. Rd1 Qe8 13. Nd5 Nxd5 14. cxd5 Ba4 15. b3 Bxa1 16. Bh6 Bg7 17. Bxg7
Kxg7 18. bxa4 Rf6 19. Qxc5 b6 20. Qd4 Rc8 21. Ng5 Kg8 22. Qh4 h5 23. e4 Qxa4
24. Re1 Qb4 25. Rd1 Qa4 26. Re1 Qb4 27. Rd1 Qa4 1/2-1/2

[Event "USCL Dallas vs Carolina"]
[Site "Chess.com"]
[Date "2013.10.16"]
[Round "8"]
[White "Agner, Carlito"]
[Black "Vaidya, Atulya"]
[Result "0-1"]
[WhiteElo "2227"]
[BlackElo "2208"]
[PlyCount "74"]
[EventDate "2013.??.??"]
[EventCountry "USA"]

{Board 4, NM Agner (Carolina Cobras) vs. NM Vaidya (Dallas Destiny)   Time
Control: Game in 75 with 30 second increment} 1. Nf3 Nf6 2. g3 g6 3. Bg2 Bg7 4.
O-O O-O 5. d3 d5 6. c3 e6 7. Nbd2 b6 8. Re1 Bb7 9. Qc2 Nbd7 10. b4 Re8 11. Bb2
c5 12. a4 Rc8 13. b5 e5 14. e4 c4 15. dxc4 dxc4 16. Ba3 Bf8 17. Bxf8 Kxf8 18.
Rad1 Qc7 19. Bh3 Re7 20. Qa2 Kg7 21. Re3 Rd8 22. Rde1 Nc5 23. Qxc4 Ncxe4 24.
Qxc7 Rxc7 25. Nxe4 Nxe4 26. Nxe5 Nxc3 27. Nc6 Rd1 28. Rxd1 Nxd1 29. Re1 Nb2 30.
a5 Bxc6 31. axb6 axb6 32. Rc1 Bg2 33. Rxc7 Bxh3 34. Rc6 Na4 35. Rc4 Nc5 36. g4
Nd7 37. f3 h5 0-1

[Event "USCL Miami vs St. Louis"]
[Site "Chess.com"]
[Date "2013.10.17"]
[Round "8"]
[White "Arencibia, Tony "]
[Black "Hughes, Tyler"]
[Result "0-1"]
[WhiteElo "2219"]
[BlackElo "2319"]
[PlyCount "138"]
[EventDate "2013.??.??"]
[EventCountry "USA"]

{Board 3, NM Arencibia (Miami Sharks) vs. FM Hughes (St. Louis Arch Bishops) 
Time Control: Game in 75 with 30 second increment} 1. e4 c5 2. Nf3 e6 3. c3 Nf6
4. e5 Nd5 5. d4 cxd4 6. cxd4 d6 7. exd6 Bxd6 8. Bd3 Nf4 9. Bb5+ Nd7 10. O-O a6
11. Ba4 b5 12. Bc2 Bb7 13. Nc3 Nf6 14. Re1 Rc8 15. Ne4 Nxe4 16. Bxe4 Bxe4 17.
Rxe4 Nd5 18. Bg5 Be7 19. Bxe7 Qxe7 20. Ne5 O-O 21. g3 Rfd8 22. a3 Nf6 23. Rf4
Rf8 24. Qd3 Qc7 25. Qf3 Nd5 26. Rh4 Qc2 27. Nd3 Qb3 28. g4 Nf4 29. Qxf4 Qxd3
30. g5 Rc2 31. Kg2 Rxb2 32. Re1 Rb1 33. Rh3 Qc2 34. Rxb1 Qxb1 35. Rc3 Qa2 36.
Qd6 Qd2 37. Rg3 Qa5 38. h4 Rd8 39. Qe7 Rf8 40. h5 Qd8 41. Qa7 Qa8+ 42. Qxa8
Rxa8 43. Rc3 Rb8 44. Kf3 a5 45. Ke4 b4 46. axb4 axb4 47. Rb3 Kf8 48. d5 Ke7 49.
dxe6 Kxe6 50. f4 g6 51. hxg6 hxg6 52. f5+ gxf5+ 53. Kd4 Rd8+ 54. Kc5 f4 55.
Rxb4 Kf5 56. Rb7 Kxg5 57. Rxf7 Kg4 58. Rg7+ Kf3 59. Kc4 Ke3 60. Re7+ Kf2 61.
Kc3 f3 62. Kc2 Kf1 63. Rf7 f2 64. Rg7 Rd5 65. Rg6 Ke2 66. Re6+ Kf3 67. Rf6+ Ke3
68. Rf7 Rd4 69. Kc3 Rf4 0-1

[Event "USCL San Francisco vs Arizona"]
[Site "Chess.com"]
[Date "2013.10.17"]
[Round "8"]
[White "Bhat, Vinay"]
[Black "Mohandesi, Shahin"]
[Result "1-0"]
[WhiteElo "2555"]
[BlackElo "2389"]
[PlyCount "65"]
[EventDate "2013.??.??"]
[EventCountry "USA"]

{Board 1, GM Bhat (San Francisco Mechanics) vs. IM Mohandesi (Arizona
Scorpions)  Time Control: Game in 75 with 30 second increment} 1. d4 g6 2. c4
Bg7 3. Nf3 d6 4. Nc3 e5 5. e4 Nc6 6. Bg5 f6 7. Be3 Nh6 8. Be2 O-O 9. h3 Nf7 10.
O-O f5 11. dxe5 Nfxe5 12. exf5 Bxf5 13. Ng5 Kh8 14. Qd2 h6 15. Nge4 Kh7 16. f4
Nd7 17. Ng3 Nc5 18. Nxf5 gxf5 19. Bf3 Qf6 20. Kh1 Rae8 21. Rfe1 Ne4 22. Bxe4
fxe4 23. Rab1 h5 24. Nd5 Qf7 25. b4 b6 26. Qc2 Re6 27. Rf1 Bd4 28. b5 Bxe3 29.
bxc6 Bd4 30. Rbe1 Rfe8 31. f5 Re5 32. Rf4 b5 33. Rexe4 1-0

[Event "USCL San Francisco vs Arizona"]
[Site "Chess.com"]
[Date "2013.10.17"]
[Round "8"]
[White "Atoufi, Pedram"]
[Black "Naroditsky, Daniel"]
[Result "0-1"]
[WhiteElo "2366"]
[BlackElo "2570"]
[PlyCount "32"]
[EventDate "2013.??.??"]
[EventCountry "USA"]

{Board 2, FM Atoufi (Arizona Scorpions) vs. GM Naroditsky (San Francisco
Mechanics)  Time Control: Game in 75 with 30 second increment} 1. e4 c6 2. d4
d5 3. f3 Qb6 4. Nc3 dxe4 5. fxe4 e5 6. d5 Nf6 7. Bc4 Bb4 8. Qd3 cxd5 9. exd5
Nbd7 10. Bd2 O-O 11. O-O-O Nc5 12. Qf1 Bxc3 13. Bxc3 Na4 14. Rd3 Nxc3 15. Rxc3
Ne4 16. Rb3 Qh6+ 0-1

[Event "USCL San Francisco vs Arizona"]
[Site "Chess.com"]
[Date "2013.10.17"]
[Round "8"]
[White "Pruess, David"]
[Black "Belakovskaia, Anjelina"]
[Result "1-0"]
[WhiteElo "2431"]
[BlackElo "2317"]
[PlyCount "103"]
[EventDate "2013.??.??"]
[EventCountry "USA"]

{Board 3, IM Pruess (San Francisco Mechanics) vs. WGM Belakovskaia (Arizona
Scorpions)  Time Control: Game in 75 with 30 second increment} 1. e4 e5 2. f4
d5 3. exd5 e4 4. d3 Qxd5 5. Nc3 Bb4 6. Bd2 Bxc3 7. Bxc3 Nf6 8. dxe4 Qxe4+ 9.
Qe2 Bf5 10. Bxf6 gxf6 11. O-O-O Qxe2 12. Nxe2 Bg4 13. h3 Bxe2 14. Bxe2 Nd7 15.
Rhe1 Nb6 16. Bf3+ Kf8 17. Bxb7 Re8 18. b3 Rg8 19. a4 a5 20. b4 Rb8 21. Bc6 axb4
22. a5 Nc4 23. a6 b3 24. a7 b2+ 25. Kb1 Kg7 26. axb8=Q Rxb8 27. Rd3 Rb6 28. Bd5
Ra6 29. Bxc4 Ra1+ 30. Kxb2 Rxe1 31. Rd7 c5 32. Bxf7 Kh6 33. Bd5 Rf1 34. g3 f5
35. Bg8 Rf3 36. Bxh7 Rxg3 37. Bxf5 Rg7 38. Rxg7 Kxg7 39. Kc3 Kf6 40. Bg4 c4 41.
Kxc4 Kf7 42. Kd5 Kf6 43. c4 Ke7 44. c5 Kf6 45. c6 Kg6 46. c7 Kf6 47. c8=Q Kg7
48. Qe6 Kh8 49. Qe7 Kg8 50. f5 Kh8 51. f6 Kg8 52. Qg7# 1-0

[Event "USCL San Francisco vs Arizona"]
[Site "Chess.com"]
[Date "2013.10.17"]
[Round "8"]
[White "Hu, Bryan"]
[Black "Banik, Siddharth"]
[Result "0-1"]
[WhiteElo "2294"]
[BlackElo "2192"]
[PlyCount "44"]
[EventDate "2013.??.??"]
[EventCountry "USA"]

{Board 4, NM Hu (Arizona Scorpions) vs. Banik (San Francisco Mechanics)  Time
Control: Game in 75 with 30 second increment} 1. Nf3 Nf6 2. c4 g6 3. g3 Bg7 4.
Bg2 O-O 5. d4 c6 6. O-O d5 7. Nbd2 Ne4 8. Qb3 a5 9. Rd1 a4 10. Qe3 Nxd2 11.
Bxd2 dxc4 12. Ne5 Be6 13. Qc3 Na6 14. Bf4 Nc7 15. e4 Nb5 16. Qb4 Nxd4 17. Qxb7
Qa5 18. Rxd4 Bxe5 19. Bxe5 Qxe5 20. Rad1 Qc5 21. Qc7 Bg4 22. R1d2 Ra7 0-1

[Event "USCL Seattle vs Los Angeles"]
[Site "Chess.com"]
[Date "2013.10.17"]
[Round "8"]
[White "Gareev, Timur"]
[Black "Khachiyan, Melikset"]
[Result "1/2-1/2"]
[WhiteElo "2768"]
[BlackElo "2602"]
[PlyCount "75"]
[EventDate "2013.??.??"]
[EventCountry "USA"]

{Board 1, GM Gareev (Seattle Sluggers) vs. GM Khachiyan (Los Angeles Vibe) 
Time Control: Game in 75 with 30 second increment} 1. d4 d5 2. c4 c6 3. Nc3 Nf6
4. Nf3 dxc4 5. a4 Bf5 6. Nh4 Bc8 7. e3 e5 8. Bxc4 exd4 9. exd4 Be7 10. O-O O-O
11. Re1 Nd5 12. Nf3 Be6 13. Qb3 Qb6 14. Nxd5 cxd5 15. Bxd5 Qxb3 16. Bxb3 Bxb3
17. Rxe7 Bd5 18. Be3 Nc6 19. Rxb7 Nxd4 20. Rd7 Nxf3+ 21. gxf3 Bc6 22. Rc7 Rfc8
23. Rxc8+ Rxc8 24. Bxa7 Ra8 25. Rc1 Bxa4 26. b4 f6 27. Rc7 Rd8 28. Kg2 Rd7 29.
Rc8+ Kf7 30. Bc5 Bb5 31. Rb8 Bc6 32. b5 Bb7 33. b6 Ke6 34. Be3 g5 35. Kg3 Kf5
36. h3 h5 37. Rh8 h4+ 38. Kg2 1/2-1/2

[Event "USCL Seattle vs Los Angeles"]
[Site "Chess.com"]
[Date "2013.10.17"]
[Round "8"]
[White "Harmon-Vellotti, Luke"]
[Black "Orlov, Georgi"]
[Result "1-0"]
[WhiteElo "2491"]
[BlackElo "2533"]
[PlyCount "77"]
[EventDate "2013.??.??"]
[EventCountry "USA"]

{Board 2, FM Harmon-Vellotti (Los Angeles Vibe) vs. IM Orlov (Seattle Sluggers)
Time Control: Game in 75 with 30 second increment} 1. d4 d5 2. c4 e6 3. Nc3 Nf6
4. cxd5 exd5 5. Bg5 Nbd7 6. e3 c6 7. Bd3 Be7 8. Nge2 O-O 9. O-O Re8 10. Qc2 Nf8
11. Bxf6 Bxf6 12. b4 a6 13. a4 Be7 14. Rab1 Bd6 15. b5 Qh4 16. Ng3 Re6 17. Nce2
Rh6 18. f4 axb5 19. axb5 Qxh2+ 20. Kf2 Bh3 21. Rg1 g5 22. Nf1 Qxg1+ 23. Kxg1
Bd7 24. bxc6 bxc6 25. fxg5 Rh5 26. Neg3 Rxg5 27. Nf5 Bxf5 28. Bxf5 Ra6 29. Bc8
Ra5 30. Qxc6 Ra2 31. Bh3 Be7 32. Nh2 Re2 33. Nf3 Rg6 34. Qxd5 Rxe3 35. Ne5 Rg7
36. Rf1 Ng6 37. Nxf7 Rxh3 38. Nh6+ Kh8 39. Qa8+ 1-0

[Event "USCL Seattle vs Los Angeles"]
[Site "Chess.com"]
[Date "2013.10.17"]
[Round "8"]
[White "Feng, Roland"]
[Black "Duckworth, Mark"]
[Result "0-1"]
[WhiteElo "2268"]
[BlackElo "2316"]
[PlyCount "80"]
[EventDate "2013.??.??"]
[EventCountry "USA"]

{Board 3, NM Feng (Seattle Sluggers) vs. FM Duckworth (Los Angeles Vibe)  Time
Control: Game in 75 with 30 second increment} 1. d4 Nf6 2. c4 c5 3. d5 e5 4.
Nc3 d6 5. e4 Nbd7 6. h3 h5 7. Be2 a6 8. a4 Be7 9. Be3 Nf8 10. Bd3 h4 11. Nge2
Ng6 12. Qd2 Nd7 13. a5 Rh5 14. g4 hxg3 15. Nxg3 Rh7 16. Nf5 Nh4 17. Nxh4 Rxh4
18. f3 Nf8 19. Na4 Rxh3 20. Rxh3 Bxh3 21. O-O-O Rb8 22. Rh1 b5 23. Nb6 Bd7 24.
b4 Ng6 25. Rg1 Kf8 26. bxc5 dxc5 27. Qb2 b4 28. Rxg6 fxg6 29. Qxe5 Rxb6 30.
axb6 Qxb6 31. Bf4 Kf7 32. Qc7 Qf6 33. Kd2 Qb2+ 34. Ke3 Qd4+ 35. Ke2 Bh3 36. d6
Bf1+ 37. Kxf1 Qxd3+ 38. Kg2 Qe2+ 39. Kg3 Qe1+ 40. Kg4 Qh4# 0-1

[Event "USCL Seattle vs Los Angeles"]
[Site "Chess.com"]
[Date "2013.10.17"]
[Round "8"]
[White "Amerkeshev, Madiyar"]
[Black "Omori, Michael"]
[Result "1-0"]
[WhiteElo "2328"]
[BlackElo "2171"]
[PlyCount "109"]
[EventDate "2013.??.??"]
[EventCountry "USA"]

{Board 4, NM Amerkeshev (Los Angeles Vibe) vs. Omori (Seattle Sluggers)  Time
Control: Game in 75 with 30 second increment} 1. d4 Nf6 2. c4 g6 3. Nc3 Bg7 4.
e4 d6 5. Bg5 O-O 6. Qd2 c5 7. d5 Qa5 8. Bd3 Re8 9. Nge2 a6 10. O-O Nbd7 11. f4
b5 12. cxb5 axb5 13. Ng3 c4 14. Bc2 Ng4 15. Kh1 Qb6 16. Nd1 b4 17. h3 Ngf6 18.
Ne3 Ba6 19. Rfe1 h6 20. Bh4 Nh7 21. Nd1 c3 22. bxc3 bxc3 23. Qc1 Bc4 24. a4 Nc5
25. Ne2 Qa5 26. Bf2 Rec8 27. Nd4 e6 28. dxe6 Nxe6 29. Nxe6 Bxe6 30. Ne3 Nf6 31.
f5 Bd7 32. fxg6 fxg6 33. e5 dxe5 34. Bxg6 e4 35. Bh4 Qe5 36. Rf1 Ra6 37. Qc2
Rb8 38. Qe2 Rc6 39. Rad1 Be6 40. Bxf6 Bxf6 41. Ng4 Bxg4 42. Qxg4 Qg5 43. Qxe4
Rbc8 44. Be8 R6c7 45. Qe6+ Kh8 46. Rxf6 c2 47. Rxh6+ Rh7 48. Rxh7+ Kxh7 49.
Qf7+ Kh8 50. Qf8+ Qg8 51. Qxg8+ Kxg8 52. Rc1 Rxe8 53. Rxc2 Re1+ 54. Kh2 Ra1 55.
Rc4 1-0

[Event "USCL Philadelphia vs New York"]
[Site "Chess.com"]
[Date "2013.10.29"]
[Round "10"]
[White "Bartell, Tom"]
[Black "Gelashvili, Tamaz"]
[Result "1-0"]
[WhiteElo "2496"]
[BlackElo "2699"]
[PlyCount "87"]
[EventDate "2013.??.??"]
[EventCountry "USA"]

{Board 1, FM Bartell (Philadelphia Inventors) vs. GM Gelashvili (New York
Knights)  Time Control: Game in 75 with 30 second increment} 1. c4 e5 2. Nc3
Nc6 3. g3 d6 4. Bg2 g6 5. Rb1 Be6 6. b4 Qd7 7. b5 Nd8 8. d3 Bg7 9. h4 Nf6 10.
Nd5 O-O 11. Nxf6+ Bxf6 12. Bg5 Bxg5 13. hxg5 Qe7 14. Qd2 a6 15. a4 axb5 16.
axb5 Bg4 17. Rh4 Bc8 18. Nf3 Ne6 19. Kf1 Nc5 20. Kg1 Bf5 21. Nh2 Ra3 22. Ng4
Bxg4 23. Rxg4 Rfa8 24. Bf3 h5 25. gxh6 Kh7 26. Rh4 f5 27. Bd5 Qf6 28. Kg2 e4
29. dxe4 Ra2 30. Qd1 g5 31. Rh1 fxe4 32. Rf1 g4 33. Rc1 Qb2 34. Re1 Kxh6 35.
Rh1+ Kg6 36. Rh4 Qxe2 37. Rxg4+ Kf5 38. Rf4+ Ke5 39. Qh1 Kd4 40. Qh7 Re8 41.
Qg7+ Re5 42. Qxc7 Rxd5 43. cxd5 Kxd5 44. Rf5+ 1-0

[Event "USCL Philadelphia vs New York"]
[Site "Chess.com"]
[Date "2013.10.29"]
[Round "10"]
[White "Krush, Irina"]
[Black "Gorman, Dov"]
[Result "1-0"]
[WhiteElo "2531"]
[BlackElo "2362"]
[PlyCount "67"]
[EventDate "2013.??.??"]
[EventCountry "USA"]

{Board 2, IM Krush (New York Knights) vs. FM Gorman (Philadelphia Inventors) 
Time Control: Game in 75 with 30 second increment} 1. c4 f5 2. g3 Nf6 3. Bg2 g6
4. Nc3 Bg7 5. e3 O-O 6. Nge2 d6 7. O-O c6 8. b3 e5 9. Ba3 Re8 10. d3 Be6 11.
Qd2 Bf7 12. e4 d5 13. exd5 cxd5 14. Nb5 Bf8 15. Bxf8 Rxf8 16. c5 Qd7 17. Nd6
Nc6 18. b4 Be6 19. b5 Ne7 20. d4 e4 21. a4 Nc8 22. Nxc8 Raxc8 23. Rfc1 Nh5 24.
Ra3 f4 25. Nxf4 Nxf4 26. gxf4 Qe7 27. f3 Qh4 28. fxe4 Rxf4 29. exd5 Qg5 30. Rf3
Rcf8 31. dxe6 Qg4 32. Rxf4 Rxf4 33. e7 Kf7 34. Qxf4+ 1-0

[Event "USCL Philadelphia vs New York"]
[Site "Chess.com"]
[Date "2013.10.29"]
[Round "10"]
[White "Minear, Peter"]
[Black "Chandra, Akshat"]
[Result "0-1"]
[WhiteElo "2385"]
[BlackElo "2395"]
[PlyCount "132"]
[EventDate "2013.??.??"]
[EventCountry "USA"]

{Board 3, NM Minear (Philadelphia Inventors) vs. IM Chandra (New York Knights)
Time Control: Game in 75 with 30 second increment} 1. e4 c5 2. Nf3 e6 3. c3 Nf6
4. e5 Nd5 5. d4 cxd4 6. cxd4 d6 7. Bc4 Be7 8. O-O O-O 9. Qe2 b6 10. a3 Bb7 11.
Bd3 Nd7 12. Qe4 g6 13. Bh6 Re8 14. Qg4 dxe5 15. dxe5 Qc7 16. Re1 Nc5 17. Bc4 a6
18. Nbd2 b5 19. Bf1 Rac8 20. h4 f5 21. exf6 Nxf6 22. Qh3 Bd6 23. Rac1 Qe7 24.
Bg5 Bd5 25. b4 Ncd7 26. Bd3 Rxc1 27. Rxc1 Qg7 28. Re1 h6 29. Be3 e5 30. Bc2 Rc8
31. Bb3 Bxb3 32. Nxb3 Qf7 33. Nc5 Bxc5 34. Bxc5 Re8 35. Nd2 Kg7 36. Ne4 Nxe4
37. Rxe4 Qd5 38. Re3 Nxc5 39. bxc5 Qxc5 40. Qd7+ Qe7 41. Qc6 Qe6 42. Qb7+ Re7
43. Qb8 Re8 44. Qb7+ Re7 45. Qb8 h5 46. Rf3 Re8 47. Qa7+ Re7 48. Qb8 Re8 49.
Qa7+ Kg8 50. Rc3 e4 51. Qd4 Kf7 52. Qa7+ Kg8 53. Qd4 Kf7 54. Qa7+ Re7 55. Qe3
Rd7 56. Qf4+ Kg7 57. Re3 Re7 58. Qb8 Qf6 59. g3 Rf7 60. Re2 e3 61. f4 Qd4 62.
Kg2 Qe4+ 63. Kg1 Rd7 64. Kh2 Rd1 65. Qe5+ Qxe5 66. fxe5 Rd2 0-1

[Event "USCL Philadelphia vs New York"]
[Site "Chess.com"]
[Date "2013.10.29"]
[Round "10"]
[White "Checa, Nicolas"]
[Black "Dehmelt, Karl"]
[Result "0-1"]
[WhiteElo "2267"]
[BlackElo "2260"]
[PlyCount "136"]
[EventDate "2013.??.??"]
[EventCountry "USA"]

{Board 4, NM Checa (New York Knights) vs. IM Dehmelt (Philadelphia Inventors) 
Time Control: Game in 75 with 30 second increment} 1. d4 Nf6 2. c4 e6 3. Nf3
Bb4+ 4. Bd2 Qe7 5. g3 O-O 6. Bg2 Bxd2+ 7. Qxd2 d6 8. Nc3 c6 9. O-O h6 10. Rad1
Re8 11. e4 e5 12. dxe5 dxe5 13. Qd6 Qxd6 14. Rxd6 Na6 15. Rfd1 Bg4 16. h3 Bxf3
17. Bxf3 Nc5 18. Kg2 Kf8 19. h4 Ke7 20. R6d2 Ne6 21. Ne2 Rad8 22. Kf1 Rxd2 23.
Rxd2 a5 24. Bg2 Rd8 25. Rxd8 Kxd8 26. Ke1 Nc5 27. Kd2 Nfxe4+ 28. Bxe4 Nxe4+ 29.
Ke3 Nc5 30. f4 f6 31. b3 Ke7 32. g4 Ke6 33. h5 f5 34. gxf5+ Kxf5 35. fxe5 Kxe5
36. Kf3 Ne4 37. Ke3 Nf6 38. Nf4 Kf5 39. Kf3 Ng4 40. c5 Ne5+ 41. Ke3 Nd7 42. Nd3
g5 43. hxg6 Kxg6 44. a3 Kf5 45. b4 axb4 46. axb4 h5 47. Nf2 Ke5 48. Ne4 Nf6 49.
Nd6 b5 50. Nf7+ Kd5 51. Nd6 h4 52. Ke2 h3 53. Kf1 Ne4 54. Nc8 Kc4 55. Ne7 Kxb4
56. Nxc6+ Kxc5 57. Na5 b4 58. Kg1 Kb5 59. Nb3 Kc4 60. Nc1 b3 61. Nxb3 Kxb3 62.
Kh2 Ng5 63. Kg3 Kc3 64. Kf2 Kd3 65. Kg3 Ke3 66. Kh2 Kf4 67. Kh1 Kg3 68. Kg1 Ne4
0-1

[Event "USCL Manhattan vs New Jersey"]
[Site "Chess.com"]
[Date "2013.10.29"]
[Round "10"]
[White "Izoria, Zviad"]
[Black "Stripunsky, Alex"]
[Result "1-0"]
[WhiteElo "2624"]
[BlackElo "2651"]
[PlyCount "139"]
[EventDate "2013.??.??"]
[EventCountry "USA"]

{Board 1, GM Izoria (Manhattan Applesauce) vs. GM Stripunsky (New Jersey
Knockouts)  Time Control: Game in 75 with 30 second increment} 1. e4 c5 2. Nf3
e6 3. d4 cxd4 4. Nxd4 a6 5. Bd3 Ne7 6. O-O Nbc6 7. Be3 Nxd4 8. Bxd4 Nc6 9. Be3
Be7 10. c4 Bf6 11. Nc3 d6 12. Be2 O-O 13. Qd2 Qa5 14. Rfd1 Rd8 15. a3 Bd7 16.
b4 Qc7 17. Rac1 Be8 18. f4 Rac8 19. Bg4 Ne7 20. Be2 b5 21. Nb1 Qb8 22. cxb5
Rxc1 23. Rxc1 Bxb5 24. Bxb5 axb5 25. Qd3 h5 26. Nd2 e5 27. fxe5 dxe5 28. Qe2
Ng6 29. Qxh5 Nf4 30. Qg4 Qd6 31. Rc8 Qd3 32. Kf2 Ne6 33. Rxd8+ Bxd8 34. Qe2 Qd7
35. Nf3 Bc7 36. g3 Qc6 37. Qd3 Bb6 38. Bxb6 Qxb6+ 39. Kg2 f6 40. Qd5 Kh7 41. h4
Nc7 42. Qd7 Qe3 43. Qf5+ Kh8 44. Qc8+ Kh7 45. Qf5+ Kh8 46. g4 Qe2+ 47. Kg3 Qc4
48. Qc8+ Kh7 49. Qf5+ Kg8 50. Qc8+ Kf7 51. g5 Ne8 52. g6+ Ke7 53. Qxc4 bxc4 54.
Kf2 Nd6 55. Ke3 c3 56. Kd3 Nxe4 57. a4 Ng3 58. Kxc3 Kd6 59. a5 e4 60. Nd4 f5
61. h5 Nxh5 62. Nxf5+ Kc6 63. Kc4 Nf4 64. b5+ Kc7 65. b6+ Kb7 66. Kb5 Nd5 67.
a6+ Kb8 68. Kc5 e3 69. Nd4 Ne7 70. Nc6+ 1-0

[Event "USCL Manhattan vs New Jersey"]
[Site "Chess.com"]
[Date "2013.10.29"]
[Round "10"]
[White "Burke, John Michael"]
[Black "Goldenberg, Ryan"]
[Result "0-1"]
[WhiteElo "2163"]
[BlackElo "2348"]
[PlyCount "144"]
[EventDate "2013.??.??"]
[EventCountry "USA"]

{Board 4, Burke (New Jersey Knockouts) vs. NM Goldenberg  Time Control: Game
in 75 with 30 second increment  Game of the Week (10)} 1. e4 c5 2. Nf3 e6 3. d4
cxd4 4. Nxd4 a6 5. Bd3 Bc5 6. Nb3 Ba7 7. O-O Nc6 8. Nc3 Nf6 9. Kh1 d6 10. Qe2
b5 11. a4 b4 12. Nb1 a5 13. f4 h5 14. Bb5 Bb7 15. N1d2 h4 16. Nf3 Nh5 17. Be3
Qf6 18. Ng5 Ke7 19. Bxc6 Bxc6 20. Nxa5 Ng3+ $1 {Move of the Week (10).} 21.
hxg3 hxg3+ 22. Kg1 Bxe4 23. Nh3 Rxh3 24. gxh3 Qh4 25. Bxa7 Qxh3 26. Rf3 Rxa7
27. Nb3 Rc7 28. Nd4 Rc4 29. Rd1 Bxf3 30. Nxf3 Rxf4 31. a5 Qh5 32. Nd4 Qd5 33.
c3 Rf2 34. Qxf2 gxf2+ 35. Kxf2 bxc3 36. bxc3 Kd7 37. Ra1 e5 38. Nf3 Qc5+ 39.
Kg2 Qxc3 40. Ra2 e4 41. Ng1 Qb3 42. Re2 Qa4 43. Kf2 Qxa5 44. Rxe4 Qf5+ 45. Ke3
Qc5+ 46. Rd4 f5 47. Ne2 g5 48. Kd3 Qb5+ 49. Kd2 f4 50. Nc3 Qb2+ 51. Kd3 Qf2 52.
Rxd6+ Ke7 53. Rd4 Qf1+ 54. Ke4 Qe1+ 55. Kd3 Kf7 56. Rd5 Kg6 57. Rd6+ Kh5 58.
Nd5 Qe5 59. Nf6+ Kh4 60. Ne4 Qb5+ 61. Kd2 Kh3 62. Nf2+ Kg2 63. Nd3 Qa5+ 64. Kd1
Qa4+ 65. Kd2 Qa2+ 66. Kd1 Qa4+ 67. Kd2 g4 68. Ne1+ Kg3 69. Rd3+ f3 70. Nc2 Kf2
71. Ra3 Qxa3 72. Nxa3 g3 0-1

[Event "USCL Manhattan vs New Jersey"]
[Site "Chess.com"]
[Date "2013.10.29"]
[Round "10"]
[White "Fishbein, Alex"]
[Black "Mandizha, Farai"]
[Result "1/2-1/2"]
[WhiteElo "2601"]
[BlackElo "2453"]
[PlyCount "130"]
[EventDate "2013.??.??"]
[EventCountry "USA"]

{Board 2, GM Fishbein (New Jersey Knockouts) vs. IM Mandizha (Manhattan
Applesauce)  Time Control: Game in 75 with 30 second increment} 1. e4 e6 2. d4
d5 3. e5 c5 4. c3 Qb6 5. Nf3 Bd7 6. Be2 Bb5 7. dxc5 Bxc5 8. O-O Bxe2 9. Qxe2
Qa6 10. Qc2 Nd7 11. a4 Rc8 12. Na3 Bxa3 13. Rxa3 Ne7 14. Re1 Qc4 15. a5 a6 16.
Ra4 Qc7 17. Bf4 Nc6 18. Bg3 h6 19. Rg4 Kf8 20. Rf4 Kg8 21. Qe2 Qxa5 22. c4 dxc4
23. Rxc4 Nb6 24. Rg4 Qb5 25. Qd2 Rd8 26. Qc1 Rd5 27. h3 Nd7 28. Qc3 Qd3 29. Qc1
Kh7 30. Kh2 Rc8 31. Qf4 Qf5 32. Qe3 Qd3 33. Qf4 f5 34. exf6 Nxf6 35. Rh4 Rf5
36. Qa4 Ra5 37. Qf4 Rf5 38. Qa4 Re8 39. Rd1 Qb5 40. Qc2 Kg8 41. Nd4 Nxd4 42.
Rhxd4 Rd5 43. Rxd5 exd5 44. Qg6 Qe2 45. Rc1 Qe4 46. Qxe4 Nxe4 47. Rc7 b5 48.
Rc6 d4 49. f3 Nd2 50. Bf2 Re2 51. Kg1 Nb3 52. Rxa6 Rxb2 53. Rd6 Rd2 54. Be1 Rc2
55. Kf1 Kf7 56. Bf2 Rc1+ 57. Ke2 Rc2+ 58. Kf1 b4 59. Rb6 d3 60. Be3 Re2 61.
Rxb4 Nd2+ 62. Bxd2 Rxd2 63. Rd4 Kf6 64. f4 g5 65. fxg5+ hxg5 1/2-1/2

[Event "USCL Manhattan vs New Jersey"]
[Site "Chess.com"]
[Date "2013.10.29"]
[Round "10"]
[White "Salimbagat, Rico"]
[Black "Katz, Alexander"]
[Result "0-1"]
[WhiteElo "2259"]
[BlackElo "2362"]
[PlyCount "40"]
[EventDate "2013.??.??"]
[EventCountry "USA"]

{Board 3, FM Salimbagat (Manhattan Applesauce) vs. NM Katz (New Jersey
Knockouts)  Time Control: Game in 75 with 30 second increment} 1. e4 d6 2. d4
Nf6 3. f3 d5 4. Nc3 dxe4 5. fxe4 e5 6. Bg5 exd4 7. e5 h6 8. Bh4 g5 9. exf6 gxh4
10. Bc4 Be6 11. Bxe6 Qxf6 12. Bxf7+ Qxf7 13. Qxd4 Qe7+ 14. Nge2 Bg7 15. Qd5 Nc6
16. O-O Be5 17. Rae1 Rd8 18. Qf3 Kd7 19. Qg4+ Qe6 20. Rf6 Qxg4 0-1